Top 30 Ballon D’or 2025 - Statistics

General Stats
  • This quiz has been taken 170 times
  • The average score is 24 of 30
Answer Stats
Place Team Country Player % Correct
1. PSG France 🇫🇷 Dembele
100%
2. FC Barcelona Spain 🇪🇸 Yamal
98%
4. Liverpool Egypt 🇪🇬 Salah
96%
7. Real Madrid France 🇫🇷 Mbappe
92%
8. Chelsea England 🏴󠁧󠁢󠁥󠁮󠁧󠁿 Palmer
92%
5. FC Barcelona Brazil 🇧🇷 Raphinha
92%
3. PSG Portugal 🇵🇹 Vitinha
92%
6. PSG Morocco 🇲🇦 Hakimi
91%
9. Manchester City Italy 🇮🇹 Donnarumma
87%
13. Bayern Munich England 🏴󠁧󠁢󠁥󠁮󠁧󠁿 Kane
86%
11. FC Barcelona Spain 🇪🇸 Pedri
85%
14. PSG France 🇫🇷 Doue
80%
15. Sporting Lisbon/Arsenal Sweden 🇸🇪 Gyokeres
79%
23. Real Madrid England 🏴󠁧󠁢󠁥󠁮󠁧󠁿 Bellingham
78%
26. Manchester City Norway 🇳🇴 Haaland
78%
10. PSG Portugal 🇵🇹 Mendes
78%
20. Inter Milan Argentina 🇦🇷 Martinez
77%
17. FC Barcelona Poland 🇵🇱 Lewandowski
76%
18. Napoli Scotland 🏴󠁧󠁢󠁳󠁣󠁴󠁿 Mctominay
74%
22. Liverpool Argentina 🇦🇷 Mac Allister
73%
28. Liverpool Netherlands 🇳🇱 Van dijk
72%
30. Bayern Munich France 🇫🇷 Olise
71%
29. Bayer Leverkusen/Liverpool Germany 🇩🇪 Wirtz
71%
21. Borussia Dortmund Guinea 🇬🇳 Guirassy
70%
27. Arsenal England 🏴󠁧󠁢󠁥󠁮󠁧󠁿 Rice
70%
19. PSG Portugal 🇵🇹 Neves
67%
25. Inter Milan Netherlands 🇳🇱 Dumfries
65%
12. PSG Georgia 🇬🇪 Kvaratskhelia
64%
24. PSG Spain 🇪🇸 Ruiz
63%
16. Real Madrid Brazil 🇧🇷 Vini Jr
37%
No matching quizzes found
Score Distribution
Percent of People with Each Score
Percentile by Number Answered
Your Score History
You have not taken this quiz